00535nam a2200157Ia 4500008004100000020001800041082001600059100001900075245015400094250000700248260004000255300002300295500001900318600002000337650002000357240925s9999 xx 000 0 und d a9781507209073 a332.024 CAG aCagan, Michele 0aBudgeting 101: from getting out of debt and tracking expenses to setting financial goals and building your savings, your essential guide to budgeting aNA aCanada:bWiley Intersciencec,2018. a182p.b0fOriginal aIncludes Index aSocial Sciences aSocial Sciences